Statistics for Amino Acid Questions

Click here to take the quiz!

General Stats

  • This quiz has been taken 17 times
  • The average score is 6 of 15

Answer Stats

HintAnswer% Correct
Which amino acid can form disulfide bondsCysteine
77%
What is physiological pH7.4
69%
...... are non superimposable mirror images (another word for stereoisomersEnantiomers
62%
Cysteine can partially meet the need for ..... since they both contain sulfurMethionine
54%
Except glycine, all amino acids are L or D amino acidsL
46%
The acid and amino groups in amino acids are capable of ionising, and they can act as both an acid and base, therefore they are called...Amphoteric
38%
Which amino acid is an imino acidproline
38%
In a condensation reaction, a peptide bond is formed and ..... is lostWater
38%
Tyrosine can partially meet the need for .....phenylalanine
31%
At physiological pH, the amino group will be.... (positively chargedprotonated
31%
Amino acids can have both positively and negatively charged groups on the same molecule, therefore they are known as....Zwitterions
31%
When the net charge is zero, this is known as the.....Isoelectric point
23%
At physiological pH, the carboxyl group will be..... (negatively chargedUnprotonated
15%
Histidine has an ..... R groupImidazole
8%
When the pH of an amino acid solution changes, so does the.....Net charge
8%

Score Distribution

Percentile by Number Answered

Percent of People with Each Score

Your Score History

You have not taken this quiz